000 00595nam a22001937a 4500
003 NUST
005 20250221105528.0
008 171214b xxu||||| |||| 00| 0 eng d
040 _c0
082 _a200
100 _4Asma Nisa
245 _aUrdu translation, adaptation and assessment of psychometric properties of brief COPE scale/
_cAsma Nisa
260 _aIslamabad
_bS3H NUST
_c2017
300 _a78p
600 _xMS-Behavioral Sciences
_9127928
700 _aSupervisor Dr. Salma Siddiqui
_9123051
856 _uhttp://10.250.8.41:8080/xmlui/handle/123456789/6758
942 _2ddc
_cSC
999 _c342239
_d342239